| 000 | 00906nam a2200253 i 4500 | ||
|---|---|---|---|
| 001 | 147607 | ||
| 003 | ES-MaACL | ||
| 005 | 20250830232243.0 | ||
| 007 | t| | ||
| 008 | 071004s1975 sp |||| | spa d | ||
| 080 | _a959.7"1964/75" | ||
| 080 | _a327(73) | ||
| 245 | 0 | 0 |
_aUsa _b: después de Vietnam / _ctextos de Sheldon S. Wolin, Gary Wills, Gore Vidal ... [et al.] ; [traducción, José María Álvarez]. |
| 260 |
_aBarcelona : _bAnagrama, _c[1975] |
||
| 300 |
_a73 p. ; _c18 cm. |
||
| 490 | 1 |
_aCuadernos Anagrama ; _v105. _aSerie Documentos |
|
| 650 | 1 | 4 |
_aGuerra del Vietnam, 1961-1975. _913204 |
| 651 | 4 |
_aEstados Unidos- _xPolítica exterior- _yS.XX _98551 |
|
| 700 | 1 |
_aWolin, Sheldon S. _9117280 |
|
| 700 | 0 |
_aAlvarez, José María, _d1942- _920651 |
|
| 830 | 0 |
_aCuadernos Anagrama ; _v105. _aSerie Documentos _9185119 |
|
| 852 |
_aES-MaACL _jA-7914 |
||
| 999 |
_c147607 _d147607 |
||